Normal view
MARC view
Entry Personal Name
001 - CONTROL NUMBER
- control field: 8823
003 - CONTROL NUMBER IDENTIFIER
- control field: OSt
005 - DATE AND TIME OF LATEST TRANSACTION
- control field: 20160516175909.0
008 - FIXED-LENGTH DATA ELEMENTS
- fixed length control field: 160516|| aca||aabn | a|a d
040 ## - CATALOGING SOURCE
- Original cataloging agency: OSt
- Transcribing agency: OSt
100 ## - HEADING--PERSONAL NAME
- Personal name: Rabinowitz,Alan;
670 ## - SOURCE DATA FOUND
- Source citation: Work cat.: (OSt): Rabinowitz,Alan;, Wildlife Field Research and Concervation Training Manual., 1997.
